| 000 -LEADER |
| fixed length control field |
00674pab a2200169 454500 |
| 008 - FIXED-LENGTH DATA ELEMENTS--GENERAL INFORMATION |
| fixed length control field |
180718b2004 xxu||||| |||| 00| 0 eng d |
| 100 ## - MAIN ENTRY--PERSONAL NAME |
| Personal name |
Chandra, Lokesh |
| 245 ## - TITLE STATEMENT |
| Title |
Panchsheel as the foundation of a humane international order |
| 260 ## - PUBLICATION, DISTRIBUTION, ETC. |
| Date of publication, distribution, etc. |
2004 |
| 300 ## - PHYSICAL DESCRIPTION |
| Extent |
p.78-81. |
| 362 ## - DATES OF PUBLICATION AND/OR SEQUENTIAL DESIGNATION |
| Dates of publication and/or sequential designation |
Oct-Dec |
| 520 ## - SUMMARY, ETC. |
| Summary, etc. |
The golden rule of Panchsheel expresses the spiritual essence of both the ancient Indian and Chinese civilisations. Therefore, it is familiar to all East and South Asia and enshrines an alternative to hegemonic monocultural globalisation. - Reproduced. |
| 650 ## - SUBJECT ADDED ENTRY--TOPICAL TERM |
| Topical term or geographic name entry element |
Panchsheel |
| 650 ## - SUBJECT ADDED ENTRY--TOPICAL TERM |
| Topical term or geographic name entry element |
International relations |
| 773 ## - HOST ITEM ENTRY |
| Main entry heading |
World Affairs |
| 909 ## - |
| -- |
64561 |